Missing Word: Emmy for Drama Series Quiz Stats

 Plays Quiz Updated Mar 9, 2016

Score 0/16 Timer 02:00
2 Plays Today
Emmy-Winning Show Missing Word % Correct
Law & ___Order
98.5%
___: ImpossibleMission
96.1%
NYPD ___Blue
91.3%
The West ___Wing
88.8%
Mad ___Men
81.6%
The Rockford ___Files
80.2%
Hill ___ BluesStreet
79.2%
___ & LaceyCagney
73.9%
Emmy-Winning Show Missing Word % Correct
L.A. ___Law
73.6%
___ ExposureNorthern
70%
___ FencesPicket
63.3%
___, DownstairsUpstairs
62.2%
Marcus ___, M.D.Welby
49.6%
___ GrantLou
45.2%
Playhouse ___90
11.8%
U.S. Steel ___Hour
7.6%

Today's Daily Dose

Missing Word
Wicked Songs

Word Ladder
Blue Ivies

Get the Picture
Green on the Flag?

You're not logged in!

Compare scores with friends on all Sporcle quizzes.
OR
Log In

You Might Also Like...

Show Comments

Extras

Top Quizzes Today


Score Distribution

Your Account Isn't Verified!

In order to create a playlist on Sporcle, you need to verify the email address you used during registration. Go to your Sporcle Settings to finish the process.

Report this User

Report this user for behavior that violates our Community Guidelines.

Details: